| 000 | 00343 a2200109 4500 | ||
|---|---|---|---|
| 001 | ART_14846 | ||
| 005 | 20260410161614.0 | ||
| 008 | 260409a | ||
| 245 | 1 | 0 | _aNo pierda el mejor puesto |
| 100 | 1 | _aGoldsmith, Marshall | |
| 773 | 0 |
_tHarvard Business Review _gLíderes en transformación - Vol. 87, Nº 1 (ene. 2009) _wREV340 |
|
| 999 |
_c10905 _d10905 |
||